000
00294nam a2200109Ia 4500
008
200302s9999 xx 000 0 und d
100
_a
Ebba Koch
245
_a
Mughal Architecture an Outline of its History and Development
260
_b
Prestel Publishing Ltd.
260
_c
1991
300
_a
159 P.,
999
_c
885
_d
885